Ship efficiency and economy (Record no. 3408)

000 -LEADER
fixed length control field 00401nam a22001577a 4500
008 - FIXED-LENGTH DATA ELEMENTS--GENERAL INFORMATION
fixed length control field 200612b ||||| |||| 00| 0 eng d
082 00 - DEWEY DECIMAL CLASSIFICATION NUMBER
Classification number 623.81
Item number B1671
100 ## - MAIN ENTRY--PERSONAL NAME
9 (RLIN) 961
Personal name Baker, G. S.
245 10 - TITLE STATEMENT
Title Ship efficiency and economy
250 ## - EDITION STATEMENT
Edition statement 2nd ed
260 ## - PUBLICATION, DISTRIBUTION, ETC. (IMPRINT)
Place of publication, distribution, etc Liverpool
Name of publisher, distributor, etc Charles Birchall
Date of publication, distribution, etc 1946
300 ## - PHYSICAL DESCRIPTION
Extent 145p.
365 ## - TRADE PRICE
Unit of pricing 16.50
650 #0 - SUBJECT ADDED ENTRY--TOPICAL TERM
Topical term or geographic name as entry element Naval Architecture
942 ## - ADDED ENTRY ELEMENTS (KOHA)
Item type Books
Holdings
Withdrawn status Lost status Source of classification or shelving scheme Damaged status Not for loan Permanent location Current location Date acquired Source of acquisition Full call number Barcode Date last seen Koha item type
          IMU Kolkata IMU Kolkata 1958-03-13 Bailey books and suppliers 623.81 B1671 02413 2020-06-12 Books
Designed and Maintained by IMU-KC Library, Kolkata Campus © Copyright All Rights Reserved

webs counters

Powered by Koha